Central Library and Information Centre
Sibsagar Girls' College, Sivasagar : Assam

ANCIENT INDIA : IN HISTORICAL OUTLINE (Record no. 11271)

MARC details
000 -LEADER
fixed length control field 00443cam a2200181ua 4500
008 - FIXED-LENGTH DATA ELEMENTS--GENERAL INFORMATION
fixed length control field 120403n1998 II |||gr||||Z||||||eng
040 ## - CATALOGING SOURCE
Original cataloging agency MAIN
041 ## - LANGUAGE CODE
-- English
082 ## - DEWEY DECIMAL CLASSIFICATION NUMBER
Classification number 934 JHA
082 ## - DEWEY DECIMAL CLASSIFICATION NUMBER
Classification number 954 JHA
100 ## - MAIN ENTRY--PERSONAL NAME
Personal name JHA, D.N.
245 ## - TITLE STATEMENT
Title ANCIENT INDIA : IN HISTORICAL OUTLINE
260 ## - PUBLICATION, DISTRIBUTION, ETC.
Place of publication, distribution, etc. NEW DELHI
Name of publisher, distributor, etc. MONOHAR PUBLISHERS AND DISTRIBUTORS
Date of publication, distribution, etc. 1998
300 ## - PHYSICAL DESCRIPTION
Extent 216.:
Dimensions 22CM.
942 ## - ADDED ENTRY ELEMENTS (KOHA)
Koha item type Books
653 ## - INDEX TERM--UNCONTROLLED
Uncontrolled term India to 647
Holdings
Withdrawn status Lost status Damaged status Not for loan Collection code Home library Current library Shelving location Date acquired Full call number Barcode Date last seen Copy number Price effective from Koha item type Public note
        REFHIS Central Library and Information Centre Sibsagar Girls College Central Library and Information Centre Sibsagar Girls College HISTORY REFERENCE RACK 01.08.2006 934 JHA 21851 27.02.2020 1 27.02.2020 Books V
        TBHIS Central Library and Information Centre Sibsagar Girls College Central Library and Information Centre Sibsagar Girls College HISTORY REFERENCE RACK 01.08.2006 954 JHA 21852 27.02.2020 2 27.02.2020 Books V


Sibsagar Girl's College © 2020. All rights reserved.
Powered by Koha.
Maintained by Abhijit Borpuzari.